The #1 Debut Quiz - Statistics

General Stats
  • This quiz has been taken 310 times
    300 since last reset
  • The average score is 32 of 52
Answer Stats
Year Song Answer % Correct
2020 Stuck With U Ariana Grande and Justin Bieber
99%
2020 Rain On Me Ariana Grande and Lady Gaga
99%
2018 Thank U, Next Ariana Grande
98%
2019 7 Rings Ariana Grande
98%
2020 Positions Ariana Grande
98%
2014 Shake It Off Taylor Swift
97%
2020 cardigan Taylor Swift
97%
2020 willow Taylor Swift
97%
2017 Shape Of You Ed Sheeran
95%
2018 God's Plan Drake
92%
2018 Nice For What Drake
92%
2020 Tootsie Slide Drake
92%
2021 What's Next Drake
92%
2015 Hello Adele
89%
2015 What Do You Mean? Justin Bieber
88%
2021 Peaches Justin Bieber
88%
2020 WAP Cardi B
84%
2021 Montero (Call Me By Your Name) Lil Nas X
82%
2021 drivers liscense Olivia Rodrigo
82%
2016 Can't Stop The Feeling! Justin Timberlake
79%
2011 Born This Way Lady Gaga
79%
2020 Dynamite BTS
77%
2020 Life Goes On BTS
77%
1998 My Heart Will Go On Celine Dion
76%
2018 This Is America Childish Gambino
65%
2019 Highest In The Room Travis Scott
64%
2020 Franchise Travis Scott
64%
2020 The Scotts The Scotts, Travis Scott and Kid Cudi
60%
2016 Pillowtalk Zayn
60%
2010 Not Afraid Eminem
51%
2019 Sucker Jonas Brothers
49%
2020 Trollz 6ix9ine and Nicki Minaj
42%
1995 One Sweet Day Boyz II Men and Mariah Carey
42%
1995 Fantasy Mariah Carey
42%
1997 Honey Mariah Carey
42%
1997 Candle In The Wind 1997/ Something About The Way You Look Tonight Elton John
41%
2012 Part Of Me Katy Perry
39%
1998 I Don't Want To Miss A Thing Aerosmith
37%
2010 We R Who We R Ke$ha
37%
2017 I'm The One DJ Khaled
36%
1998 Doo Wop (That Thing) Lauryn Hill
34%
2009 3 Britney Spears
32%
2011 Hold It Against Me Britney Spears
32%
1995 You Are Not Alone Michael Jackson
31%
2021 Rapstar Polo G
30%
1995 Exhale (Shoop Shoop) Whitney Houston
23%
1997 I'll Be Missing You Puff Daddy and Faith Evans
22%
2013 Harlem Shake Baauer
14%
2005 Inside Your Heaven Carrie Underwood
6%
2004 I Believe Fantasia
6%
2006 Do I Make You Proud Taylor Hicks
5%
2003 This Is The Night Clay Aiken
3%
No matching quizzes found
Score Distribution
Percent of People with Each Score
Percentile by Number Answered
Your Score History
You have not taken this quiz since the last reset